| 000 | 00508nam a2200193Ia 4500 | ||
|---|---|---|---|
| 003 | OSt | ||
| 005 | 20250816092004.0 | ||
| 008 | 210210b2000 xxu||||| |||| 00| 0 eng d | ||
| 040 | _cAL | ||
| 041 | _aKannada | ||
| 082 | _aK894.2 PRAJ | ||
| 100 |
_aPRASANNA. _dಪ್ರಸನ್ನ _9235801 |
||
| 245 |
_aJangamada baduku _bಜಂಗಮದ ಬದುಕು |
||
| 260 |
_aSagara _bOntidani Prakashana _c2000 |
||
| 300 | _axvi,60 | ||
| 690 |
_aKannada Drama _9235802 |
||
| 906 | _a056908 | ||
| 942 |
_2ddc _cBK |
||
| 999 |
_c104254 _d104254 |
||